000 00362nam a2200145Ia 4500
008 230917s9999||||xx |||||||||||||| ||und||
040 _e82104
_aMAIN
041 _aEnglish
082 _a372.3 E52G
100 _aEllington, Henry
245 0 _aGames and simulations in science education
260 _aLondon
_bKogan Page
_c1981
300 _a261 p.
942 _cBK
999 _c38211
_d38211